000 00828nam a22002897a 4500
001 5321
003 FISKH
005 20250507144919.0
008 241126b cb ||||| |||| 00| 0 eng d
020 _a9780307118936
040 _aFISKH
_beng
_cFISKH
_dFISKH
050 _aPZ7.M462
082 _a813.54
100 _aMayer, Mercer
_d(1943-)
245 _aJust grandma and me /
_cBy Mercer Mayer
250 _aFirst edition in 2006
260 _aNew York :
_bRandom House,
_c2006.
300 _a23 pages :
_bColor illustrations ;
_c21 cm
505 _aG
520 _aA trip to the beach with Grandma provides lots of fun and surprises.
521 8 _a400L
_bLexile
521 8 _aG
_bRaz-Plus
650 _2Grandparents
_aPicture book
650 _2Little Critter
_aFamily
942 _2ddc
_cBK
_n0
999 _c5321
_d5321